La maternita lesbica, un primo approccio alla societa italiana : tesi di laurea in Psicologia /

সংরক্ষণ করুন:
গ্রন্থ-পঞ্জীর বিবরন
প্রধান লেখক: Stefanelli, Morena (লেখক)
অন্যান্য লেখক: Novello Paglianti, Giovanni Battista
বিন্যাস: গ্রন্থ
ভাষা:ইতালিয়
প্রকাশিত: A.a. 1999-2000
ট্যাগগুলো: ট্যাগ যুক্ত করুন
কোনো ট্যাগ নেই, প্রথমজন হিসাবে ট্যাগ করুন!

MARC

LEADER 00000nam a22000007i 4500
001 IT\ICCU\UBO\3012620
003 ItRI
005 20260124192843.0
008 060706m19992000it |||||| ||||| |||||c
040 |b ita  |c importazione bologna sebina 
041 7 |a ita  |2 ISO-639-2 
100 1 |a Stefanelli, Morena  |0 IT\ICCU\UBOV\037502  |4 aut 
245 1 3 |a La maternita lesbica, un primo approccio alla societa italiana :  |b tesi di laurea in Psicologia /  |c laureanda: Morena Stefanelli ; relatore: Giovanni Battista Novello Paglianti. 
260 |c A.a. 1999-2000 
300 |a 153 p. ;  |c 30 cm 
500 |a In testa al front.: Università degli Studi di Padova, Facoltà di Psicologia 
500 |a In calce al front.: anno accademico 1999-2000. 
700 1 |a Novello Paglianti, Giovanni Battista  |0 IT\ICCU\SBLV\261660 
942 |2 ddc  |c TS  |n 0 
952 |0 0  |1 0  |4 0  |6 TESI_306_874000000000000_STE  |7 0  |9 24255  |a BO  |b BO  |d 2026-01-15  |i 5589  |l 0  |o TESI 306.874 STE  |p BO5589  |r 2026-01-15 23:23:27  |w 2026-01-15  |x [Sebina 7] [1 v.]  |y TS  |z 1 v. 
999 |c 20647  |d 20647